00350nam a2200157Ia 4500008004000000041000800040082001100048100002100059245003800080260002000118650000900138650001200147650001000159650001300169650001000182210210b1920 xxu||||| |||| 00| 0 eng d aeng a884/57 aTILAKA SHIROMANI aValmiki rAmAyana VII: uttar kAnDa aBombayb-c1920 aVII: aValmiki auttar arAmAyana akAnDa